[Event "Savigliano 6th"]
[Site "Savigliano"]
[Date "2007.05.31"]
[Round "1"]
[White "Medaglia, Enzo"]
[Black "Vinciguerra, Marco"]
[Result "1/2-1/2"]
[WhiteElo "1840"]
[BlackElo "2059"]
[PlyCount "66"]
[EventDate "2007.05.31"]
[EventType "swiss"]
[EventRounds "6"]
[EventCountry "ITA"]
[SourceTitle "EXT 2009"]
[Source "ChessBase"]
[SourceDate "2008.11.26"]
[SourceVersion "1"]
[SourceVersionDate "2008.11.26"]
[SourceQuality "1"]

1. e4 d5 2. exd5 Nf6 3. Nc3 Nxd5 4. Nxd5 Qxd5 5. Nf3 Bf5 6. d3 Nc6 7. Be2 e5 8. 0-0 Bc5 9. Be3 0-0-0 10. Bxc5 Qxc5 11. Rc1 e4 12. Ne1 Nd4 13. Bg4 Bxg4 14. Qxg4+ f5 15. Qd1 Rhe8 16. c3 Ne2+ 17. Qxe2 exd3 18. Nxd3 Qb5 19. Qc2 Rxd3 20. c4 Qd7 21. Rcd1 Rd8 22. Rxd3 Qxd3 23. Qa4 a6 24. h3 f4 25. Re1 Qd2 26. Re7 f3 27. Rxg7 Qe1+ 28. Kh2 Qe5+ 29. Rg3 h5 30. h4 Rd4 31. gxf3 Qe6 32. Qa3 Rxh4+ 33. Kg2 Rf4 1/2-1/2

[Event "Bratto op 24th"]
[Site "Bratto"]
[Date "2004.08.28"]
[Round "9"]
[White "Buccoliero, Alessandro"]
[Black "Vinciguerra, Marco"]
[Result "1-0"]
[WhiteElo "2123"]
[BlackElo "2129"]
[PlyCount "65"]
[EventDate "2004.08.20"]
[EventType "swiss"]
[EventRounds "9"]
[EventCountry "ITA"]
[SourceTitle "CBM 101 Extra"]
[Source "ChessBase"]
[SourceDate "2004.09.01"]
[SourceVersion "2"]
[SourceVersionDate "2004.09.01"]
[SourceQuality "1"]

1. d4 Nf6 2. c4 c5 3. Nc3 g6 4. g3 cxd4 5. Qxd4 Nc6 6. Qd2 Bg7 7. Bg2 0-0 8. Nh3 b6 9. 0-0 Bb7 10. Nf4 Rb8 11. b3 Ne5 12. Bxb7 Rxb7 13. Bb2 e6 14. Ba3 d6 15. Rad1 Rd7 16. Ng2 Qa8 17. f4 Neg4 18. h3 Nh6 19. Qd3 Rfd8 20. g4 Ne8 21. e4 Kh8 22. Ne3 Ng8 23. f5 Nc7 24. g5 gxf5 25. exf5 exf5 26. Nxf5 Be5 27. Bb2 Ne7 28. Nh6 Ng6 29. Nxf7+ Rxf7 30. Rxf7 Ne6 31. Na4 Nxg5 32. Rf5 h6 33. Rxe5 1-0

[Event "Bratto op 24th"]
[Site "Bratto"]
[Date "2004.08.27"]
[Round "8"]
[White "Vinciguerra, Marco"]
[Black "Radice, Luca"]
[Result "1/2-1/2"]
[WhiteElo "2129"]
[BlackElo "2085"]
[PlyCount "56"]
[EventDate "2004.08.20"]
[EventType "swiss"]
[EventRounds "9"]
[EventCountry "ITA"]
[SourceTitle "CBM 101 Extra"]
[Source "ChessBase"]
[SourceDate "2004.09.01"]
[SourceVersion "2"]
[SourceVersionDate "2004.09.01"]
[SourceQuality "1"]

1. e4 e6 2. d4 d5 3. Nc3 dxe4 4. Nxe4 Bd7 5. Nf3 Bc6 6. Bd3 Nd7 7. Qe2 Ngf6 8. c4 Bxe4 9. Bxe4 Nxe4 10. Qxe4 Bb4+ 11. Bd2 Bxd2+ 12. Nxd2 c6 13. 0-0 0-0 14. Rad1 Qb6 15. Nf3 Rad8 16. Rd2 Nf6 17. Qh4 c5 18. Rfd1 cxd4 19. Nxd4 Qa5 20. g4 Ne4 21. Rd3 e5 22. Nf5 Rxd3 23. Rxd3 Qe1+ 24. Kg2 g5 25. Qxh7+ Kxh7 26. Rh3+ Kg8 27. Nh6+ Kg7 28. Nf5+ Kg8 1/2-1/2

[Event "Bratto op 24th"]
[Site "Bratto"]
[Date "2004.08.25"]
[Round "6"]
[White "Vinciguerra, Marco"]
[Black "Nieus, Thierry"]
[Result "1/2-1/2"]
[WhiteElo "2129"]
[BlackElo "2221"]
[PlyCount "114"]
[EventDate "2004.08.20"]
[EventType "swiss"]
[EventRounds "9"]
[EventCountry "ITA"]
[SourceTitle "CBM 101 Extra"]
[Source "ChessBase"]
[SourceDate "2004.09.01"]
[SourceVersion "2"]
[SourceVersionDate "2004.09.01"]
[SourceQuality "1"]

1. Nf3 d5 2. g3 c5 3. Bg2 Nc6 4. 0-0 Nf6 5. d3 e6 6. Nbd2 Be7 7. c4 0-0 8. a3 a6 9. b3 Bd7 10. Bb2 b5 11. d4 bxc4 12. bxc4 cxd4 13. Nxd4 Qb6 14. Nxc6 Bxc6 15. Rb1 Qa5 16. Nb3 Qa4 17. Nd4 Qxd1 18. Rfxd1 Ba4 19. Rdc1 Rfc8 20. cxd5 Nxd5 21. Rxc8+ Rxc8 22. Rc1 Rb8 23. Bxd5 exd5 24. Nf5 Bf8 25. Bd4 Bd7 26. Ne3 Be6 27. f4 Rc8 28. Rxc8 Bxc8 29. a4 Bd7 30. a5 Bb4 31. Bb6 Bc6 32. Kf2 Kf8 33. Nc2 Bd2 34. Nd4 Ba4 35. Kf3 Ke7 36. Nf5+ Kf6 37. g4 g6 38. Nd4 Ke7 39. h4 Kd6 40. h5 gxh5 41. gxh5 Ke7 42. Kg4 f6 43. Kf3 Bd7 44. Bc7 f5 45. Kg3 Be1+ 46. Kh3 Bc3 47. Nf3 Bb5 48. e3 Be2 49. Nd4 Bg4+ 50. Kg2 Kd7 51. Bb6 Be1 52. Nf3 Bxf3+ 53. Kxf3 Bc3 54. Ke2 Kc6 55. Kd3 Bf6 56. Ke2 Kb5 57. Kd3 Kc6 1/2-1/2

[Event "Bratto op 24th"]
[Site "Bratto"]
[Date "2004.08.24"]
[Round "5"]
[White "Magrini, Riccardo"]
[Black "Vinciguerra, Marco"]
[Result "1/2-1/2"]
[WhiteElo "2270"]
[BlackElo "2129"]
[PlyCount "70"]
[EventDate "2004.08.20"]
[EventType "swiss"]
[EventRounds "9"]
[EventCountry "ITA"]
[SourceTitle "CBM 101 Extra"]
[Source "ChessBase"]
[SourceDate "2004.09.01"]
[SourceVersion "2"]
[SourceVersionDate "2004.09.01"]
[SourceQuality "1"]

1. e4 d5 2. exd5 Nf6 3. d4 Nxd5 4. Nf3 g6 5. Be2 Bg7 6. 0-0 0-0 7. c4 Nb6 8. Be3 Nc6 9. Qd2 e5 10. d5 Ne7 11. a4 Bg4 12. a5 Bxf3 13. axb6 Bxe2 14. bxc7 Qxc7 15. Qxe2 Nf5 16. Nd2 a6 17. Rfd1 Rfe8 18. Ne4 Nd4 19. Bxd4 exd4 20. Qd3 Qe5 21. Nd2 Qe2 22. Nf3 Rac8 23. b3 b5 24. Qxe2 Rxe2 25. Rxa6 bxc4 26. bxc4 Rc2 27. d6 R2xc4 28. g3 Rc1 29. Rxc1 Rxc1+ 30. Kg2 Rc8 31. d7 Rd8 32. Rd6 Kf8 33. Nxd4 Bxd4 34. Rxd4 Ke7 35. Rh4 h5 1/2-1/2

[Event "Bratto op 24th"]
[Site "Bratto"]
[Date "2004.08.21"]
[Round "2"]
[White "Vinciguerra, Marco"]
[Black "Epishin, Vladimir"]
[Result "0-1"]
[WhiteElo "2129"]
[BlackElo "2635"]
[PlyCount "76"]
[EventDate "2004.08.20"]
[EventType "swiss"]
[EventRounds "9"]
[EventCountry "ITA"]
[SourceTitle "CBM 101 Extra"]
[Source "ChessBase"]
[SourceDate "2004.09.01"]
[SourceVersion "2"]
[SourceVersionDate "2004.09.01"]
[SourceQuality "1"]

1. e4 c5 2. Nf3 e6 3. d4 cxd4 4. Nxd4 a6 5. c4 Bc5 6. Be3 d6 7. Nc3 Ne7 8. Be2 0-0 9. 0-0 e5 10. Nc2 Bxe3 11. Nxe3 Nbc6 12. Ncd5 Be6 13. b4 Rc8 14. Rb1 Nd4 15. Rb2 b5 16. cxb5 Bxd5 17. exd5 axb5 18. Nc2 Nxe2+ 19. Qxe2 Qd7 20. Ne3 f5 21. f4 Ng6 22. fxe5 Nxe5 23. Kh1 Rce8 24. Qc2 f4 25. Nd1 Rf5 26. Rb3 Nc4 27. Rbf3 g5 28. h4 Rfe5 29. hxg5 Re2 30. Qc3 Nd2 31. Rxf4 Nxf1 32. Rxf1 Qg4 33. Qf3 Qxg5 34. Nc3 Re1 35. Rxe1 Qh4+ 36. Qh3 Rxe1+ 37. Kh2 Qf4+ 38. g3 Qd2+ 0-1

[Event "Torino-ch Assoluto 48th"]
[Site "Torino"]
[Date "2004.01.??"]
[Round "5"]
[White "Fortino, Fabrizio"]
[Black "Vinciguerra, Marco"]
[Result "1-0"]
[WhiteElo "1786"]
[BlackElo "2141"]
[PlyCount "53"]
[EventDate "2004.01.??"]
[EventType "swiss"]
[EventRounds "7"]
[EventCountry "ITA"]
[SourceTitle "EXT 2015"]
[Source "ChessBase"]
[SourceDate "2014.11.20"]
[SourceVersion "1"]
[SourceVersionDate "2014.11.20"]
[SourceQuality "1"]

1. e4 d5 2. exd5 Nf6 3. d4 Nxd5 4. c4 Nb6 5. Nc3 g6 6. Nf3 Bg7 7. Be2 0-0 8. Be3 Nc6 9. h3 e5 10. d5 Ne7 11. Qb3 Re8 12. Rd1 Nf5 13. Bg5 f6 14. c5 fxg5 15. cxb6 axb6 16. d6+ Be6 17. Bc4 Kf7 18. Bxe6+ Rxe6 19. dxc7 Qe7 20. Ne4 h6 21. 0-0 Nd4 22. Nxd4 exd4 23. f4 Ke8 24. Qd5 Rc8 25. Rde1 Rxc7 26. Nd6+ Rxd6 27. Qxd6 1-0

[Event "Torino-ch Assoluto 48th"]
[Site "Torino"]
[Date "2004.01.??"]
[Round "2"]
[White "Giacomasso, Enrico"]
[Black "Vinciguerra, Marco"]
[Result "1/2-1/2"]
[WhiteElo "1903"]
[BlackElo "2141"]
[PlyCount "64"]
[EventDate "2004.01.??"]
[EventType "swiss"]
[EventRounds "7"]
[EventCountry "ITA"]
[SourceTitle "EXT 2015"]
[Source "ChessBase"]
[SourceDate "2014.11.20"]
[SourceVersion "1"]
[SourceVersionDate "2014.11.20"]
[SourceQuality "1"]

1. e4 d5 2. exd5 Nf6 3. Nf3 Nxd5 4. d4 g6 5. Be2 Bg7 6. 0-0 0-0 7. c3 b6 8. Re1 Bb7 9. Na3 Nd7 10. Bg5 h6 11. Bd2 c5 12. Nc2 cxd4 13. cxd4 Rc8 14. Rc1 Nb8 15. Ne5 Nc6 16. Bf3 Rc7 17. Qe2 e6 18. Nxg6 fxg6 19. Qxe6+ Rcf7 20. Bxd5 Nxd4 21. Nxd4 Bxd5 22. Qxg6 Rf6 23. Qg3 Rxf2 24. Re2 R2f6 25. Bc3 Qd7 26. Rce1 Bc4 27. Nf3 Bxe2 28. Bxf6 Bxf3 29. Bxg7 Qxg7 30. gxf3 Qxg3+ 31. hxg3 Rxf3 32. Kg2 Rf7 1/2-1/2

[Event "Torino Scaccomatto op"]
[Site "Torino"]
[Date "2004.??.??"]
[Round "6"]
[White "Martin, Tiziano"]
[Black "Vinciguerra, Marco"]
[Result "0-1"]
[WhiteElo "1976"]
[BlackElo "2132"]
[PlyCount "47"]
[EventDate "2004.12.10"]
[EventType "swiss"]
[EventRounds "7"]
[EventCountry "ITA"]
[SourceTitle "EXT 2018"]
[Source "ChessBase"]
[SourceDate "2017.10.13"]
[SourceVersion "1"]
[SourceVersionDate "2017.10.13"]
[SourceQuality "1"]

1. d4 g6 2. Nf3 Bg7 3. Bf4 Nf6 4. e3 0-0 5. h3 d6 6. Be2 Nbd7 7. 0-0 Re8 8. c3 c6 9. Nbd2 e5 10. Bh2 e4 11. Ne1 d5 12. Nc2 Nf8 13. a4 N6d7 14. b4 f5 15. c4 Ne6 16. cxd5 cxd5 17. Na3 Qg5 18. Kh1 a6 19. Qb3 Nf6 20. Be5 f4 21. Rac1 f3 22. gxf3 Nxd4 23. exd4 Bxh3 24. Nxe4 0-1

[Event "Torino Scaccomatto op"]
[Site "Torino"]
[Date "2004.??.??"]
[Round "7"]
[White "Pepino, Enrico"]
[Black "Vinciguerra, Marco"]
[Result "1-0"]
[WhiteElo "2093"]
[BlackElo "2132"]
[PlyCount "57"]
[EventDate "2004.12.10"]
[EventType "swiss"]
[EventRounds "7"]
[EventCountry "ITA"]
[SourceTitle "EXT 2018"]
[Source "ChessBase"]
[SourceDate "2017.10.13"]
[SourceVersion "1"]
[SourceVersionDate "2017.10.13"]
[SourceQuality "1"]

1. e4 d5 2. exd5 Nf6 3. d4 Nxd5 4. Nf3 g6 5. Be2 Bg7 6. 0-0 0-0 7. Bg5 c5 8. c3 cxd4 9. cxd4 Nc6 10. Nc3 Qa5 11. Qd2 Bg4 12. Rfd1 Rfd8 13. Rac1 f6 14. Nxd5 Bxf3 15. Bxf3 Rxd5 16. Bxd5+ Qxd5 17. Be3 Rd8 18. b3 Qh5 19. Qc2 f5 20. h3 Kh8 21. d5 Ne5 22. Qc7 Rf8 23. Bd4 Nf3+ 24. gxf3 Bxd4 25. Rxd4 Rf7 26. Qe5+ Rf6 27. Rc8+ Kg7 28. Qxe7+ Rf7 29. Qe5+ 1-0

[Event "Nichelino op 4th"]
[Site "Nichelino"]
[Date "2003.10.10"]
[Round "2"]
[White "Guglielmi, Nicolo"]
[Black "Vinciguerra, Marco"]
[Result "0-1"]
[WhiteElo "1770"]
[BlackElo "2160"]
[PlyCount "42"]
[EventDate "2003.10.09"]
[EventType "swiss"]
[EventRounds "6"]
[EventCountry "ITA"]
[SourceTitle "EXT 2024"]
[Source "ChessBase"]
[SourceDate "2023.10.10"]
[SourceVersion "1"]
[SourceVersionDate "2023.10.10"]
[SourceQuality "1"]

1. c4 g6 2. d4 Nf6 3. Nc3 Bg7 4. e4 d6 5. f3 0-0 6. Be3 Nbd7 7. Qd2 c5 8. Nge2 a6 9. Rc1 b5 10. Nf4 cxd4 11. Qxd4 e5 12. Qxd6 exf4 13. Bxf4 Nh5 14. Be3 Ne5 15. Qxd8 Rxd8 16. cxb5 axb5 17. Bxb5 Nd3+ 18. Bxd3 Rxd3 19. Kf2 Bxc3 20. Rxc3 Rxc3 21. bxc3 Rxa2+ 0-1

[Event "Piemonte Region-ch"]
[Site "Torino"]
[Date "2003.04.??"]
[Round "3"]
[White "Moncelli, Giorgio"]
[Black "Vinciguerra, Marco"]
[Result "1/2-1/2"]
[WhiteElo "2148"]
[BlackElo "1789"]
[PlyCount "64"]
[EventDate "2003.04.??"]
[EventType "swiss"]
[EventRounds "6"]
[EventCountry "ITA"]
[SourceTitle "EXT 2024"]
[Source "ChessBase"]
[SourceDate "2023.10.10"]
[SourceVersion "1"]
[SourceVersionDate "2023.10.10"]
[SourceQuality "1"]

1. e4 d5 2. exd5 Nf6 3. d4 Nxd5 4. Nf3 g6 5. Be2 Bg7 6. 0-0 0-0 7. c4 Nb6 8. h3 Nc6 9. c5 Nd5 10. Nc3 e5 11. Nxd5 Qxd5 12. dxe5 Qxc5 13. Be3 Qa5 14. Bd2 Qd5 15. Bc3 Be6 16. Qa4 Bf5 17. Rfd1 Qe4 18. Bc4 Be6 19. Nd2 Qh4 20. Qb5 a6 21. Qc5 Rfe8 22. Bf1 Rad8 23. Nf3 Qe7 24. Qxe7 Rxe7 25. Rxd8+ Nxd8 26. Rd1 Nc6 27. a3 Bb3 28. Re1 Bd5 29. Be2 Nxe5 30. Nxe5 Bxe5 31. Bf3 Bxf3 32. Rxe5 Rxe5 1/2-1/2

[Event "Torino Epifania op"]
[Site "Torino"]
[Date "2003.01.??"]
[Round "2"]
[White "Fassio, Luca"]
[Black "Vinciguerra, Marco"]
[Result "1/2-1/2"]
[WhiteElo "2145"]
[BlackElo "1759"]
[PlyCount "48"]
[EventDate "2003.01.??"]
[EventType "swiss"]
[EventRounds "5"]
[EventCountry "ITA"]
[SourceTitle "EXT 2024"]
[Source "ChessBase"]
[SourceDate "2023.10.10"]
[SourceVersion "1"]
[SourceVersionDate "2023.10.10"]
[SourceQuality "1"]

1. e4 d5 2. exd5 Nf6 3. d4 Nxd5 4. c4 Nb6 5. Nc3 g6 6. Be3 Bg7 7. h3 0-0 8. Nf3 Nc6 9. Be2 e5 10. d5 Ne7 11. 0-0 Re8 12. Ne4 Nf5 13. Bg5 f6 14. Bd2 Nd4 15. Nxd4 exd4 16. Ng3 Nd7 17. Bd3 Ne5 18. Qc2 f5 19. b4 Qh4 20. Ne2 Nf3+ 21. gxf3 Rxe2 22. Bxe2 f4 23. Qe4 Qg5+ 24. Kh2 Bxh3 1/2-1/2

[Event "Torino Epifania op"]
[Site "Torino"]
[Date "2003.01.??"]
[Round "6"]
[White "Giacometto, Mario"]
[Black "Vinciguerra, Marco"]
[Result "1/2-1/2"]
[WhiteElo "1777"]
[BlackElo "1759"]
[PlyCount "48"]
[EventDate "2003.01.??"]
[EventType "swiss"]
[EventRounds "5"]
[EventCountry "ITA"]
[SourceTitle "EXT 2024"]
[Source "ChessBase"]
[SourceDate "2023.10.10"]
[SourceVersion "1"]
[SourceVersionDate "2023.10.10"]
[SourceQuality "1"]

1. e4 c5 2. Nf3 d6 3. d4 cxd4 4. Nxd4 Nf6 5. Nc3 a6 6. Be2 g6 7. Be3 Bg7 8. 0-0 0-0 9. a4 Nc6 10. Nb3 Be6 11. f3 d5 12. exd5 Nxd5 13. Nxd5 Bxd5 14. Nd4 Nxd4 15. Bxd4 Bxf3 16. Bxf3 Bxd4+ 17. Kh1 a5 18. Bxb7 Rb8 19. Qf3 Qc7 20. Bd5 e6 21. Bb3 Bxb2 22. Rae1 Be5 23. h3 Rbd8 24. Re4 Qc3 1/2-1/2

[Event "Torino Epifania op"]
[Site "Torino"]
[Date "2002.01.??"]
[Round "4"]
[White "Vinciguerra, Marco"]
[Black "Fuggetta, Leonardo"]
[Result "0-1"]
[WhiteElo "1747"]
[BlackElo "2050"]
[PlyCount "38"]
[EventDate "2002.01.??"]
[EventType "swiss"]
[EventRounds "6"]
[EventCountry "ITA"]
[SourceTitle "EXT 2024"]
[Source "ChessBase"]
[SourceDate "2023.10.10"]
[SourceVersion "1"]
[SourceVersionDate "2023.10.10"]
[SourceQuality "1"]

1. d4 g6 2. e4 Bg7 3. Nf3 d6 4. Bd3 Nd7 5. Nc3 a6 6. a4 e5 7. Be3 Ngf6 8. h3 0-0 9. 0-0 Re8 10. b4 exd4 11. Nxd4 c5 12. bxc5 dxc5 13. Nf3 Qc7 14. Bc4 Nb6 15. Ba2 Nxe4 16. Nxe4 Rxe4 17. Ng5 Rxa4 18. Bxf7+ Kh8 19. Rxa4 Nxa4 0-1

[Event "Turin-ch op 18th"]
[Site "Torino"]
[Date "2001.02.??"]
[Round "4"]
[White "Malano, Francesco"]
[Black "Vinciguerra, Marco"]
[Result "0-1"]
[WhiteElo "2036"]
[BlackElo "1609"]
[PlyCount "87"]
[EventDate "2001.02.??"]
[EventType "swiss"]
[EventRounds "8"]
[EventCountry "ITA"]
[SourceTitle "EXT 2024"]
[Source "ChessBase"]
[SourceDate "2023.10.10"]
[SourceVersion "1"]
[SourceVersionDate "2023.10.10"]
[SourceQuality "1"]

1. Nf3 d5 2. b3 Nf6 3. Bb2 Nc6 4. g3 g6 5. Bg2 Bg7 6. 0-0 0-0 7. d3 Re8 8. Nbd2 e5 9. e4 d4 10. a4 a6 11. h3 Bd7 12. Kh2 Nh5 13. Nc4 Rb8 14. Ng1 Rf8 15. Bc1 b5 16. Nb2 Qe8 17. Bf3 f6 18. Bg4 f5 19. exf5 Nf6 20. fxg6 Nxg4+ 21. hxg4 Qxg6 22. f3 Nd8 23. Qe2 Rb6 24. axb5 axb5 25. Nd1 h5 26. g5 Nf7 27. Qe4 Bf5 28. Qh4 Rc6 29. Rf2 Nd6 30. g4 hxg4 31. fxg4 Be6 32. Qh5 Qxh5+ 33. gxh5 Bg4 34. Rxf8+ Bxf8 35. Nf2 Rxc2 36. Kg2 Bxh5 37. Nf3 Bg7 38. Ne1 Re2 39. Kf1 Nf5 40. Ng2 Ne3+ 41. Kg1 Rc2 42. Ra8+ Kh7 43. Ba3 Ra2 44. Ra7 0-1